000 02193nam0a2200397 4500
001 RU\NLR\BIBL_A\022309600
005 20241022145532.0
010 _a978-5-9704-8228-5
_9700
021 _aRU
_bКН-П-24-041415
_9КН-П-24-4099
035 _a(NLR Aleph) 022309600
090 _a13324464
_c13324464
100 _a20240829d2024 k y0rusy50 ca
101 0 _arus
102 _aRU
105 _aac||z|||000zy
181 0 _ai3
_baxxe
182 0 _an
200 1 _aРеспираторная поддержка при критических состояниях в педиатрии и неонатологии
_eруководство для врачей
_fЮ. С. Александрович, К. В. Пшениснов
203 _aТекст
_bвизуальный
_cнепосредственный
205 _a2-е изд., перераб. и доп.
210 _aМосква
_cГЭОТАР-Медиа
_d2024
215 _a286, [1] с.
_cил., портр., табл.
_d21
225 1 _aБиблиотека врача-специалиста
_eБВС
_iАнестезиология-реаниматология
_iНеонатология
300 _aНа обороте тит. с. авт.: Ю. С. Александрович, К. В. Пшениснов - д-ра мед. наук, профессора
320 _aБиблиогр.: с. 280-286
606 1 _aЛегкие
_jРуководства, пособия и т.п
_xИскусственная вентиляция
_xПрименение в педиатрии
_92586482
_3RU\NLR\AUTH\661528759
606 1 _aЛёгкие
_jРуководства, пособия и т.п
_xИскусственная вентиляция
_xПрименение в неонатологии
_92432976
_3RU\NLR\AUTH\6601666160
686 1 _aР733-539,2я77
686 1 _aР733.2-539,2я77
700 1 _aАлександрович
_bЮ. С.
_f1963-
_gЮрий Станиславович
701 1 _aПшениснов
_bК. В.
_f1977-
_gКонстантин Викторович
942 _cBOOK
980 _aNBR
980 _aNB